000
00287nam a22001097a 4500
999
_c
515954
_d
515954
082
_a
TNC A6X54 D262
100
_a
Datta, Amlan
_9
22230
245
_a
On the edge of a century
_c
by Amlan Datta
260
_a
Calcutta
_b
Subarnarekha
_c
1999
300
_a
148p.
650
_a
India - History
_9
23431